Štátna politika na podporu študentskej mobility v regióne Strednej Európy diplomová práca

Enregistré dans:
Détails bibliographiques
Auteur principal: Zemaníková, Natália
Collectivité auteur: Fakulta medzinárodných vzťahov EU. Katedra medzinárodných ekonomických vzťahov a hospodárskej diplomacie
Autres auteurs: Mattoš, Boris, 1977-
Format: Livre
Langue:slovaque
Publié: Bratislava 2025
Tags: Ajouter un tag
Pas de tags, Soyez le premier à ajouter un tag!

MARC

LEADER 00000nbm a2200000 4500
001 0309607
005 20260115135326.8
041 0 |a slo 
044 |a SK 
245 1 0 |a Štátna politika na podporu študentskej mobility v regióne Strednej Európy  |b diplomová práca  |c Natália Zemaníková ; školiteľ: Boris Mattoš 
264 1 |a Bratislava  |c 2025 
300 |a 100 s. 
100 1 |a Zemaníková, Natália 
700 1 |a Mattoš, Boris, 1977- 
710 2 |a Fakulta medzinárodných vzťahov EU. Katedra medzinárodných ekonomických vzťahov a hospodárskej diplomacie